01340 a2200253 4500003000500000005001700005010001700022020001500039035002200054040000900076082001500085100002500100245005900125250001200184260004500196300003500241505045700276650001900733856008800752856007600840942001200916999001900928952013900947Nust20221129112409.0 a 2002111025 a0125980612 a(DLC) 2002111025 cNust00a519.2, ROS1 aRoss, Sheldon M.97810aIntroduction to probability models /cSheldon M. Ross. a8th ed. aSan Diego, CA :bAcademic Press,cc2003. axvii, 755 p. :bill. ;c23 cm. a Introduction to Probability Theory (Page-1), Random Variables (Page-23), Conditional Probability and Conditional Expectation (Page-97), Markov Chains (Page-181), The Exponential Distribution and the Poisson Process (Page-269), Continuous Time Markov Chains (Page-349), Renewal Theory and its Applications (Page-401), Queuing Theory (Page-475), Reliability Theory (Page-547), Brownian Motion and Stationary Process (Page-601), Simulations (Page-639). 0aProbabilities.423Publisher descriptionuhttp://www.loc.gov/catdir/description/els031/2002111025.html423Table of contentsuhttp://www.loc.gov/catdir/toc/els031/2002111025.html 2ddccBK c188050d188050 00102ddc4070aMCSbMCScGENd2016-12-12l2o519.2, ROSpMCS31605r2023-06-21s2023-05-23w2016-12-12yBKzAlmirah No.14, Shelf No.3